000 00697nam a2200193Ia 4500
003 GCL
005 20240530105049.0
008 140319s9999 xx 000 0 ara d
040 _aGCL /
_cGCL
082 0 4 _a953.0738
_bق/م ت
100 1 _aمحمد جمال الدين سرور
245 1 0 _aتاريخ الدوله الفاطميه /
_cمحمد جمال الدين سرور
260 _aالقاهرة :
_bدار الفكر العربى ،
_c1995
300 _a291 ص ؛
_c24 سم
650 0 4 _aالدولة الفاطمية
650 0 4 _aمصر - تاريخ - العصر الاسلامى
650 0 4 _aمصر - تاريخ - العصر الفاطمى ( 969-1171 م )
942 _2ddc
_cBK
999 _c52875
_d52875